Matías pierde su lápiz / (Record no. 182171)

MARC details
000 -CABECERA
campo de control de longitud fija 00602nam a2200217 a 4500
005 - FECHA Y HORA DE LA ÚLTIMA TRANSACCIÓN
campo de control 20240831063807.0
008 - ELEMENTOS DE LONGITUD FIJA--INFORMACIÓN GENERAL
campo de control de longitud fija 160503s2006 ve r 000 0 spa d
020 ## - NÚMERO INTERNACIONAL NORMALIZADO PARA LIBROS
Número Internacional Estándar del Libro 9802572993
035 ## - NÚMERO DE CONTROL DEL SISTEMA
Número de control de sistema UPN01000210070
049 ## - COLECCIÓN
Colección I
050 #4 - SIGNATURA TOPOGRÁFICA DE LA BIBLIOTECA DEL CONGRESO
Número de clasificación PZ73
Número de documento/Ítem M3.52
100 1# - ASIENTO PRINCIPAL--NOMBRE PERSONAL
Nombre de persona Martínez, Rocío,
Fechas asociadas al nombre 1966-
9 (RLIN) 35791
245 10 - MENCIÓN DE TÍTULO
Título Matías pierde su lápiz /
Mención de responsabilidad, etc. Rocío Martínez.
260 ## - PUBLICACIÓN, DISTRIBUCIÓN, ETC.
Lugar de publicación, distribución, etc. Caracas :
Nombre del editor, distribuidor, etc. Ekaré,
Fecha de publicación, distribución, etc. 2006.
300 ## - DESCRIPCIÓN FÍSICA
Extensión [24] p. :
Otras características físicas il. col.
440 #3 - MENCIÓN DE SERIE/ASIENTO SECUNDARIO--TÍTULO
Título El jardín de los niños
650 #4 - ASIENTO SECUNDARIO DE MATERIA - TERMINO TEMATICO
Término de materia o nombre geográfico como elemento de entrada Cuentos infantiles españoles
9 (RLIN) 7725
905 ## - TIPO DE MATERIAL
Tipo de material Infantil
Holdings
Estado de retiro Estado de pérdida Fuente del sistema de clasificación o colocación Estado dañado No para préstamo Código de colección Localización permanente Ubicación/localización actual Ubicación en estantería Fecha de adquisición Total de préstamos Clasificación Código de barras Fecha visto por última vez Número de copia Tipo de ítem Koha
    Library of Congress Classification     Infantil Bib. Gregorio Torres Quintero Bib. Gregorio Torres Quintero Sala infantil Planta baja 10/05/2023 1 PZ73 M3.52 310472 31/12/2020 1 Libro
    Library of Congress Classification     Infantil Bib. Gregorio Torres Quintero Bib. Gregorio Torres Quintero Sala infantil Planta baja 10/05/2023 1 PZ73 M3.52 323896 31/12/2020 1 Libro